00532nam a2200133 a 450000100100000000500170001000800410002704000250006824501180009326000430021130000220025495201050027699900170038100004486220201002045704.0150114s1997 000 spa d aDO-SdBNPbspacBNPHU 0aReglamento para la elaboración de la correspondencia en el ejercito nacional. /cRodríguez, Adriano Silverio. aSanto Domingo, :bEdita Libros,c1997. a44 p. : ;c27 cm. 001050718MOaPDbPDcHDd2015-01-14iLF1l0o p44862-10r2020-06-25w2020-06-25y1ZNo se presta c44351d44351